German trading partners (Import) Quiz Stats

 Plays Quiz not verified by Sporcle

Challenge
Share
Tweet
Embed
Score 0/20 Timer 03:00
0 Plays Today
Rank Country % Correct
6United Kingdom
99.2%
4United States of America
98.5%
2China
98.1%
3France
97.3%
11Russian Federation
94.6%
12Poland
94.6%
5Italy
93.5%
8Austria
93.1%
13Spain
93.1%
1Netherlands
91.9%
Rank Country % Correct
19Sweden
91.5%
9Switzerland
90.8%
14Japan
88.8%
15Norway
88.1%
7Belgium
87.7%
18Denmark
86.9%
20Turkey
80.8%
10Czech Republic
77.7%
17Ireland
72.3%
16Hungary
64.2%

You're not logged in!

Compare scores with friends on all Sporcle quizzes.
Join for Free
OR
Log In

You Might Also Like...

Show Comments

Extras

Top Quizzes Today


Score Distribution

Your Account Isn't Verified!

In order to create a playlist on Sporcle, you need to verify the email address you used during registration. Go to your Sporcle Settings to finish the process.

Report this User

Report this user for behavior that violates our Community Guidelines.

Details: